Meiste Tore 2022/23 100 Spieler - Statistiken

Allgemein
  • Dieses Quiz wurde 248 mal gespielt
  • Das Durchschnittsergebnis liegt bei 33 aus 100
Antwortstatistiken
# Verein Spieler % Korrekt
1 Manchester City Haaland
98%
2 Tottenham Kane
97%
4 Paris Mbappe
97%
3 Barcelona Lewandowski
94%
7 Paris Neymar
92%
5 Leipzig Nkunku
87%
33 Paris Messi
86%
13 Bremen Füllkrug
84%
90 Bayern Sane
80%
23 Bayern Gnabry
79%
15 Gladbach Thuram
76%
34 Real Madrid Benzema
71%
69 Bayern Mane
71%
17 Bayern Musiala
69%
43 Liverpool Salah
66%
75 Real Madrid Vinicius
64%
81 Frankfurt Kolo Muani
63%
29 Inter Mailand Martinez
58%
20 Napoli Osimhen
56%
78 Atletico Madrid Griezmann
55%
58 Bayern Choupo Moting
54%
19 Freiburg Grifo
54%
63 Salernitana Dia
53%
52 Juventus Vlahovic
53%
10 Lyon Lacazette
49%
8 Fulham Mitrovic
49%
89 Arsenal Jesus
48%
35 Milan Leao
47%
41 Manchester United Rashford
47%
71 Arsenal Saka
47%
44 Liverpool Firmino
46%
53 Leverkusen Diaby
45%
6 Brentford Toney
45%
45 Lazio Immobile
44%
32 Union Berlin Becker
43%
88 Gladbach Hofmann
43%
39 Arsenal Odegaard
43%
48 Arsenal Martinelli
42%
12 Lille David
41%
46 Manchester City Foden
41%
84 Liverpool Nunez
41%
86 Milan Giroud
37%
55 Atletico Madrid Morata
35%
98 Roma Dybala
33%
37 Frankfurt Kamada
31%
60 Frankfurt Lindstrom
31%
67 Napoli Kvaratskhelia
30%
42 Inter Mailand Dzeko
29%
70 Freiburg Gregoritsch
29%
66 Dortmund Moukoko
29%
27 Celta Vigo Aspas
28%
50 Hertha Lukebakio
28%
36 Leicter Maddison
27%
47 Monaco Embolo
26%
59 Real Madrid Valverde
25%
93 Augsburg Demirovic
22%
72 Newcastle Wilson
21%
64 Crystal Palace Zaha
21%
94 Leverkusen Frimpong
20%
79 Inter Mailand Barella
19%
26 Bologna Arnautovic
17%
14 Leeds Rodrigo
17%
85 Köln Kainz
16%
99 Marseille Sanchez
15%
61 Brighton Gross
14%
91 Brighton Mac Allister
14%
11 Reims Balogun
13%
97 Juventus Milik
13%
77 Real Sociedat Sörloth
13%
56 Leicester Barnes
12%
40 Atalanta Lookman
12%
21 Mallorca Muriqi
12%
100 Nizza Laborde
11%
49 Montpellier Wahi
11%
16 Rennes Terrier
9%
80 Gladbach Bensebaini
8%
73 Aston Villa Ings
8%
31 Monaco Ben Yeder
7%
9 Lorient Moffi
7%
30 Brighton Trossard
7%
57 Rennes Gouiri
6%
62 Montpellier Savanier
6%
76 Nizza Delort
5%
51 Strasbourg Diallo
5%
22 Spezia Nzola
5%
87 Strasbourg Gameiro
4%
74 Osasuna Avila
3%
68 Lyon Martins
3%
65 Lens Sotoca
3%
95 Lazio Zaccagni
3%
92 Real Valladolid Leon
1%
38 Real Sociedat Mendez
1%
96 Lecce Rebelato
1%
82 Lens Said
1%
83 Marseille Tavares
1%
54 Udinese Betuncal
0%
24 Lens Ikoma
0%
25 Espanyol Mato
0%
28 Real Betis Quintas
0%
18 Newcastle Rejala
0%
Keine übereinstimmenden Quizze gefunden
Verteilung der Resultate
Anzahl Personen mit jedem Resultat
Perzentil nach korrekt beantworteten Fragen
Ihre Resultats-Entwicklung
Sie haben dieses Quiz noch nicht gespielt